MARC details
| 000 -CABECERA |
| campo de control de longitud fija |
02117nam a22002897a 4500 |
| 008 - DATOS DE LONGITUD FIJA--INFORMACIÓN GENERAL |
| campo de control de longitud fija |
251111b |||||||| |||| 00| 0 eng d |
| 020 ## - NÚMERO INTERNACIONAL ESTÁNDAR DEL LIBRO |
| Número Internacional Estándar del Libro |
9781633696846 |
| 040 ## - FUENTE DE LA CATALOGACIÓN |
| Centro/agencia transcriptor |
tbs |
| 041 ## - CÓDIGO DE LENGUA |
| Código de lengua del texto/banda sonora o título independiente |
eng |
| 050 ## - SIGNATURA TOPOGRÁFICA DE LA BIBLIOTECA DEL CONGRESO |
| Número de clasificación |
TA347.A78 |
| Número de documento/Ítem |
H456 2018 |
| 245 ## - MENCIÓN DE TÍTULO |
| Título |
HBR's 10 must reads on AI, analytics, and the new Machine Age. |
| 246 ## - FORMA VARIANTE DE TÍTULO |
| Título propio/Titulo breve |
Harvard Business Review's ten must reads on AI, analytics, and the new Machine Age. |
| 246 ## - FORMA VARIANTE DE TÍTULO |
| Título propio/Titulo breve |
On AI, analytics, and the new Machine Age. |
| 246 ## - FORMA VARIANTE DE TÍTULO |
| Título propio/Titulo breve |
AI, analytics, and the new Machine Age. |
| 247 ## - TÍTULO ANTERIOR |
| Título |
On artificial intelligence, analytics, and the new Machine Age. |
| 247 ## - TÍTULO ANTERIOR |
| Título |
Artificial intelligence, analytics, and the new Machine Age. |
| 260 ## - PUBLICACIÓN, DISTRIBUCIÓN, ETC. |
| Lugar de publicación, distribución, etc. |
Boston, MA : |
| Nombre del editor, distribuidor, etc. |
Harvard Business Review Press, |
| Fecha de publicación, distribución, etc. |
2019. |
| 300 ## - DESCRIPCIÓN FÍSICA |
| Extensión |
181 pages : |
| Otras características físicas |
illustrations ; |
| Dimensiones |
21 cm. |
| 490 ## - MENCIÓN DE SERIE |
| Mención de serie |
HBR's 10 must reads |
| 520 ## - SUMARIO, ETC. |
| Sumario, etc. |
Intelligent machines are revolutionizing business.<br/><br/>Machine learning and data analytics are powering a wave of groundbreaking technologies. Is your company ready?<br/><br/>If you read nothing else on how intelligent machines are revolutionizing business, read these 10 articles. We've combed through hundreds of Harvard Business Review articles and selected the most important ones to help you understand how these technologies work together, how to adopt them, and why your strategy can't ignore them.<br/><br/>In this book you'll learn how:<br/><br/>Data science, driven by artificial intelligence and machine learning, is yielding unprecedented business insights; <br/>Blockchain has the potential to restructure the economy; <br/>Drones and driverless vehicles are becoming essential tools; <br/>3-D printing is making new business models possible; <br/>Augmented reality is transforming retail and manufacturing; <br/>Smart speakers are redefining the rules of marketing; <br/>Humans and machines are working together to reach new levels of productivity. |
| 650 #0 - PUNTO DE ACCESO ADICIONAL DE MATERIA--TÉRMINO DE MATERIA |
| Término de materia o nombre geográfico como elemento de entrada |
Artificial Intelligence |
| 9 (RLIN) |
14147 |
| 650 #0 - PUNTO DE ACCESO ADICIONAL DE MATERIA--TÉRMINO DE MATERIA |
| Término de materia o nombre geográfico como elemento de entrada |
Disruptive technologies |
| 9 (RLIN) |
22980 |
| 650 #0 - PUNTO DE ACCESO ADICIONAL DE MATERIA--TÉRMINO DE MATERIA |
| Término de materia o nombre geográfico como elemento de entrada |
Data mining |
| 9 (RLIN) |
7979 |
| 650 #0 - PUNTO DE ACCESO ADICIONAL DE MATERIA--TÉRMINO DE MATERIA |
| Término de materia o nombre geográfico como elemento de entrada |
Industrial management |
| 9 (RLIN) |
20469 |
| 710 ## - ENTRADA AGREGADA--NOMBRE DE ENTIDAD CORPORATIVA |
| Nombre de entidad corporativa o nombre de jurisdicción como elemento de entrada |
Harvard Business Review Press (Firm) |
| 9 (RLIN) |
25086 |
| 942 ## - ELEMENTOS DE ENTRADA AGREGADA (KOHA) |
| Fuente del sistema de clasificación o colocación |
Clasificación de Library of Congress |